The Story of God. (Record no. 32749)
[ view plain ]
| 000 -LEADER | |
|---|---|
| fixed length control field | 00608nam a22002057a 4500 |
| 003 - CONTROL NUMBER IDENTIFIER | |
| control field | OSt |
| 005 - DATE AND TIME OF LATEST TRANSACTION | |
| control field | 20240425113352.0 |
| 008 - FIXED-LENGTH DATA ELEMENTS--GENERAL INFORMATION | |
| fixed length control field | 240425b |||||||| |||| 00| 0 eng d |
| 020 ## - INTERNATIONAL STANDARD BOOK NUMBER | |
| International Standard Book Number | 9780834114791 |
| 040 ## - CATALOGING SOURCE | |
| Original cataloging agency | MMU |
| Language of cataloging | eng |
| Transcribing agency | MMU |
| Modifying agency | MMU |
| 100 ## - MAIN ENTRY--PERSONAL NAME | |
| Personal name | MICHAEL LODAHL |
| 245 ## - TITLE STATEMENT | |
| Title | The Story of God. |
| Remainder of title | Wesleyan Theology & Biblical Narrative, |
| 260 ## - PUBLICATION, DISTRIBUTION, ETC. (IMPRINT) | |
| Place of publication, distribution, etc. | United States of America |
| Name of publisher, distributor, etc. | Missouri |
| 300 ## - PHYSICAL DESCRIPTION | |
| Extent | 256 pg. |
| Other physical details | Appendix, Bibliography, Index. |
| 440 ## - SERIES STATEMENT/ADDED ENTRY--TITLE | |
| Title | The Story Of God. |
| International Standard Serial Number | 9780834114791 |
| 504 ## - BIBLIOGRAPHY, ETC. NOTE | |
| Bibliography, etc | Appendix, bibliography, Index. |
| 650 ## - SUBJECT ADDED ENTRY--TOPICAL TERM | |
| Source of heading or term | Jesus Christ |
| 856 ## - ELECTRONIC LOCATION AND ACCESS | |
| Materials specified | Book |
| 942 ## - ADDED ENTRY ELEMENTS (KOHA) | |
| Source of classification or shelving scheme | Library of Congress Classification |
| Koha item type | L |
| Withdrawn status | Lost status | Source of classification or shelving scheme | Damaged status | Not for loan | Home library | Current library | Date acquired | Total Checkouts | Full call number | Barcode | Date last seen | Date last checked out | Price effective from | Koha item type |
|---|---|---|---|---|---|---|---|---|---|---|---|---|---|---|
| Library of Congress Classification | Maasai Mara University Library -Main Campus | Maasai Mara University Library -Main Campus | 04/25/2024 | 1 | BT 83.78 .L63 2008 | 17038025 | 05/06/2024 | 04/25/2024 | 04/25/2024 | L |